| 000 | 00586nam a22001697a 4500 | ||
|---|---|---|---|
| 003 | OSt | ||
| 005 | 20260225154752.0 | ||
| 008 | 260225b |||||||| |||| 00| 0 eng d | ||
| 040 | _cMRSPTU | ||
| 041 | _aEnglish | ||
| 100 | _aShiv Shanker Maurya, Supervisor: Dr. Manjeet Bansal | ||
| 245 | _aComparison of Analysis and Design between Pre-Engineered Frame Structure and Conventional Frames Structure | ||
| 260 |
_bDepartment of Civil Engg. MRSPTU, Bathinda _c2019 |
||
| 650 | _aCivil Engineering | ||
| 856 | _uhttp://163.47.215.52:8080/jspui/handle/123456789/280 | ||
| 942 |
_2ddc _cTH _n0 |
||
| 999 |
_c11012 _d11012 |
||